[Event "Excelsior Cup"]
[Site "Gothenburg"]
[Date "2004.01.08"]
[Round "1"]
[White "Rogozenco, Dorian"]
[Black "Akesson, Joel"]
[Result "1-0"]
[WhiteElo "2517"]
[BlackElo "2333"]
[Annotator "Rogozenco,D"]
[PlyCount "79"]
[EventDate "2004.01.06"]
[EventType "tourn"]
[EventRounds "9"]
[EventCountry "SWE"]
[EventCategory "9"]
[SourceTitle "CBM 099"]
[Source "ChessBase"]
[SourceDate "2004.03.30"]
[SourceVersion "1"]
[SourceVersionDate "2004.03.30"]
[SourceQuality "1"]

1. d4 d5 2. c4 c6 3. Nf3 Nf6 4. Nc3 dxc4 5. a4 Na6 6. e4 Bg4 7. Bxc4 e6 (7...
Bxf3 8. gxf3 $14) 8. O-O Be7 9. Be3 O-O 10. Be2 $14 (10. h3 Bh5 11. g4 Bg6 12.
Ne5 {is another possibility. It's a matter of style or maybe mood which plan
to choose.}) 10... Qc7 $6 (10... Nb4 11. a5 $14) (10... c5 11. dxc5 (11. Rc1 $5
) 11... Nxc5 12. e5 Nd5 13. Nxd5 Qxd5 14. Rc1 $14 {1-0 Cebalo,M-Kovacevic,V/
Novi Sad 1984 (24)}) 11. h3 Bh5 (11... Bxf3 12. Bxf3 $14) 12. Ne5 Bxe2 13. Qxe2
Rad8 14. Rfc1 Nb4 (14... Qb8 $2 15. Nxc6 $18) 15. a5 Qb8 16. Ra4 Nd7 17. Bf4
Nxe5 18. Bxe5 Qc8 19. Qc4 Na6 20. b4 Qd7 $6 21. b5 cxb5 22. Qxb5 Bg5 23. Rb1 {
Black's position is more difficult than it might seem at the beginning. The
knight on a6, plus the weakness of pawn b7 are not compensated by anything.
The pawn on d4 is well protected and does not represent a real target.} Bd2 24.
Qxd7 Rxd7 25. Nb5 f6 26. Bg3 $16 e5 $6 27. dxe5 fxe5 28. Bxe5 Nc5 29. Rc4 Nd3
30. Bd6 Rxf2 31. Rc8+ Kf7 32. Rf8+ Kg6 (32... Ke6 33. Rxf2 Nxf2 34. Kxf2 a6 35.
e5 ({My opponent feared} 35. Nd4+ $2 Kxd6 36. Rd1 {but in fact Black is doing
fine in the arising pawn endgame:} Bh6 37. Nf5+ Ke6 38. Rxd7 Kxd7 39. Nxh6 gxh6
{[%cal Gd7c6,Gb7b5]}) 35... axb5 36. Rxb5 $16 {/+-}) 33. Rxf2 Nxf2 34. Kxf2 a6
35. Rd1 (35. e5 {This is not bad either, but the game wins at once.}) 35... Bb4
36. Ke2 Bxa5 37. Na3 b5 38. e5 Kf5 39. Nc2 Bb6 40. Ne3+ 1-0

[Event "Candidates Tournament"]
[Site "Moscow"]
[Date "2016.03.13"]
[Round "3"]
[White "Nakamura, Hikaru"]
[Black "Svidler, Peter"]
[Result "1/2-1/2"]
[WhiteElo "2790"]
[BlackElo "2757"]
[Annotator "Sagar Shah"]
[PlyCount "127"]
[EventDate "2016.03.11"]
[EventType "tourn"]
[EventRounds "14"]
[EventCountry "RUS"]
[EventCategory "22"]
[SourceTitle "CBM 172"]
[Source "ChessBase"]
[SourceDate "2016.05.12"]
[SourceVersion "1"]
[SourceVersionDate "2016.05.12"]
[SourceQuality "1"]

1. d4 {Nakamura invites Svidler to play his favourite Grünfeld.} d5 {No thank
you! I will stick to the Slav. Svidler plays the same line that he played
against Karjakin in round 1.} 2. c4 c6 3. Nf3 Nf6 4. Nc3 dxc4 5. a4 e6 {
Svidler shows that the opening that he essayed in the first round against
Karjakin was not just a onetrick pony. He was serious about his opening and
had prepared it in depth.} 6. e3 c5 7. Bxc4 Nc6 8. O-O cxd4 9. exd4 {This is
definitely much more challenging than Nxd4 which was played by Sergey Karjakin
in the first round.} Be7 10. Qe2 O-O 11. Rd1 Nb4 {Preventing the d4-d5 break.}
12. Bg5 {Interestingly Svidler reached this position twice in his games, once
against Ivanchuk and once against Kazhgalayev. However, on both occasions he
chose a different move. h6 is the modern treatment of this line making White
decide where he would like to keep his bishop.} h6 (12... Bd7 13. d5 exd5 14.
Nxd5 Nbxd5 15. Bxd5 Nxd5 16. Rxd5 Bxg5 17. Nxg5 h6 18. Rad1 hxg5 19. Rxd7 $16 {
1/2-1/2 (46) Ivanchuk,V (2729)-Svidler,P (2765) Monte Carlo 2006}) (12... Re8
13. Ne5 Bd7 14. Bb3 Rc8 15. a5 a6 16. Na4 Nfd5 17. Nc5 $6 Bxg5 18. Nexd7 Be7
$15 {1-0 (56) Kazhgaleyev,M (2626)-Svidler,P (2726) Le Port Marly 2009}) 13.
Bxf6 {This is a highly concrete move. The idea is not related with the
d5-break but to get the knights to menacing locations in the centre - on the
e4- and e5-squares.} (13. Bh4 Bd7 14. Ne5 Bc6 {is the other critical position
of the opening, and if Svidler tries this Slav line again the chances of this
position arising can be quite good.}) 13... Bxf6 14. Ne4 (14. d5 {doesn't
really look too threatening as after} exd5 15. Nxd5 Nxd5 16. Bxd5 Qe8 $11 {
Black has solved most of his opening problems because the b2-pawn is as weak
as the b7-pawn.}) 14... b6 (14... Be7 {Trying to preserve the bishop is met
with} 15. Ne5 b6 16. Ra3 Bb7 17. Qg4 {[%cal Ga3g3] White has good attacking
chances.}) 15. Ne5 {We are still following five games, but we have reached a
stage where you can no longer find games played by amateurs. All the games
have taken place in the practice of 2600+ players.} Bh4 $5 {This has already
been played by two players Mchedlishvili against Tomashevsky and van Foreest
against Ikonnikov. The idea is to provoke g3 so that the a1-rook cannot use
the entire third rank when it comes to a3.} (15... Bb7 $2 16. Nxf6+ Qxf6 (16...
gxf6 17. Ng4 Kg7 18. Qd2 $18) 17. Nd7 Qg5 18. f4 Qxf4 19. Nxf8 Rxf8 {when
Black has compensation for the exchange but it is not enough} 20. a5 $14) 16.
g3 $146 (16. Ra3 {was played in both the games but after} Bb7 17. Rh3 {it
looks scary but after} Nd5 $11 {according to the computer this looks
completely fine for Black.} (17... Bd5 18. Nc3 Bxc4 19. Qxc4 Be7 20. Qe2 Rc8
21. Qg4 Kh7 22. Rg3 Bf6 23. Ne4 {1-0 (34) Tomashevsky,E (2743)-Mchedlishvili,M
(2618) Reykjavik 2015. White had good attacking chances and for a player like
Tomashevsky this is a position that he would love.}) 18. Qg4 Bg5 19. Nxg5 (19.
Bxd5 Bxd5 $15) 19... Qxg5 20. Qxg5 hxg5 21. Bxd5 Bxd5 $15 {1/2-1/2 (77)
Ikonnikov,V (2527)-Van Foreest,J (2514) Dieren 2015. When Black was already
slightly better.}) 16... Be7 17. Nc3 Bf6 {Svidler has got this covered. Even
though White played a novelty, the Russian player is well prepared. After the
game Svidler said that even though 16.g3 is technically a novelty, it is a
natural move to consider when you are preparing this line in depth.} (17... Bb7
$6 {looks the most natural but fails to} 18. Nxf7 $5 Rxf7 19. Qxe6 Qe8 20. Re1
$40 {with a most probably decisive attack for White.}) 18. d5 {Nakamura also
plays concrete chess in this position.} Qc7 $5 (18... exd5 {looks like the
most natural move but it fails to} 19. Nxd5 $1 Nxd5 20. Bxd5 $18 {when the
threats of Bxf7 and Bxa8 give White a winning position.}) 19. d6 Qc5 {Svidler
was really proud that he had found this Qc7-c5 idea at home. It is not often
that you allow the pawn to go all the way down to d6. But here concretely
Black is doing fine. He has to be very well prepared for all of White's myriad
possibilities in this position but it can be supposed that Svidler had done
his homework.} 20. Ng4 Bxc3 {Once again a dangerous move but it works in this
specific situation.} 21. bxc3 Nc6 22. Rab1 (22. d7 Bb7) 22... a6 {Preventing
Rb5. It is simply amazing that this is all a part of Svidler's preparation.} (
22... Bd7 23. Rb5 Qa3 24. Qd2 Qxa4 25. Rh5 $1 Qxc4 26. Nf6+ $1 gxf6 27. Qxh6
$18) 23. d7 {It seems like Nakamura missed something here. He couldn't
remember his preparation and played the most obvious move, pushing his pawn to
d7. However, he could have just played Bd3 directly which is what he thought
was the move he had prepared.} ({Here's an illustrative line} 23. Bd3 f5 $5 24.
Ne3 (24. Nxh6+ $5 gxh6 25. Bc4 Ne5 26. d7 Bxd7 27. Rxd7 Nxd7 28. Qxe6+ Kg7 29.
Qxd7+ Kg6 30. Be2 $44) 24... Bd7 (24... Qxd6 $6 25. Nc4 $18) 25. Bxa6 f4 26.
Ng4 h5 27. Rb5 Qxc3 28. Rxh5 Rxa6 29. Qxa6 Qf3 30. Qd3 Qxg4 31. Rh4 Qf5 32.
Rxf4 Qc5 $13) 23... Bb7 24. Bd3 Rfd8 25. Qe4 Kf8 $1 {At this point Peter had
one hour forty five minutes, five minutes more than the start of the game!
Completely mind boggling! It just showed that Svidler had come well prepared
to his event. Nakamura was under grave pressure and he was already looking for
ways to bail out.} 26. Qh7 {This position looks really scary if you are
unprepared. However, if you know the intricacies this might well be enjoyable
to play, like the current position where Black has only one good move but
Peter plays it! As Svidler said after the game he had considered only two
moves in this position Be2 and Bc2. So Qh7 was a new move for him, and he
found himself in a common situation where you know that the move made by your
opponent is not the best, but you don't know why.} (26. Be2 {was the main line
of Svidler's preparation, with some crazy lines like} Rab8 27. Qh7 Ne7 28. Nxh6
gxh6 29. Rxb6 Qxb6 30. Bh5 Ng6 31. Qxh6+ Kg8 32. Bxg6 fxg6 33. Qxg6+ Kf8 34.
Qf6+ Kg8 35. Qg6+ $11) 26... h5 $1 (26... Qg5 $2 27. Ne3 Ne5 28. Be4 Bxe4 29.
Qxe4 $18 {The d7-pawn is untouchable and the queen is completely misplaced on
g5.}) (26... Ne5 $5 27. Qh8+ Ke7 28. Qxg7 Qd5 29. Qf6+ Kf8 30. Qh8+ {is a draw.
}) (26... Qh5 $2 27. Be2 $18) 27. Ne3 (27. Qh8+ Ke7 28. Qxg7 hxg4 29. Qxg4 Rh8
$19) 27... Ne5 $1 $15 {Black's king looks safe, and the pawn on d7 doesn't
look threatening. The light-squared holes on the kingside might cost White
dearly.} 28. Be4 {Before things went completely wrong Nakamura exchanges the
powerful b7-bishop.} Bxe4 29. Qxe4 Ra7 $1 {Svidler also made this move
relatively quickly. I am not sure whether he was still in his preparation but
he must have seen similar ideas when he was working on this opening.} 30. Nd5
$5 {Nakamura is in damage control mode now. He sees that the position has
spiralled out of control. Hence he tries to simplify, even ready to go into a
pawn down or an inferior rook ending.} Ng4 (30... Raxd7 {looks pretty natural,
but after} 31. Qxe5 Rxd5 32. Rxd5 Rxd5 (32... Qxd5 33. Qxd5 Rxd5 34. Rxb6 $11)
33. Qb8+ Ke7 34. Rxb6 (34. Qxb6 $2 Rd1+ 35. Kg2 Qd5+ 36. f3 (36. Kh3 Qf5+ $19 {
[%cal Gf5b1]}) 36... Rd2+ 37. Kg1 Qa2 $19) 34... Rd1+ 35. Kg2 Qd5+ 36. Kh3 {
and there is no real finishing shot available for Black at this point. This
might be the reason why Svidler steered clear of this variation.}) 31. Ne3 Nf6
(31... Nxe3 32. Qxe3 Raxd7 33. Rxd7 Rxd7 34. Qxc5+ bxc5 35. Rb6 $15 {We would
most probably reach a three vs four rook endgame which would end in a draw.})
32. Qb4 Qxb4 (32... Raxd7 33. Rxd7 Nxd7 (33... Rxd7 34. Qxb6 $11) 34. Qxc5+
Nxc5 (34... bxc5 35. Rb7 Ne5 36. Rc7 Nd3 37. Kf1 $15 {is not much as White is
very active.}) 35. Rxb6 Nxa4 36. Rxa6 Nxc3 $17 {would also lead to something
similar to what we will see in the main game.}) 33. Rxb4 (33. cxb4 Rdxd7 {
is just a pawn down position.}) 33... Nxd7 $5 {Such a move can be made by only
very strong player.} (33... Raxd7 34. Rdb1 (34. Rxd7 Nxd7 35. Nc4 Rb8 {is very
favourable for Black who is not only a pawn up but also has everything under
control.}) 34... Rd2 35. Rxb6 Ne4 36. Nc4 Ra2 (36... Rxf2 37. Nd6 $1 Re2 38.
Nxe4 Rxe4 39. Rxa6 $11) 37. Rxa6 Nxc3 38. Rb2 Rxa4 39. Rxa4 Nxa4 $17 {Once
again we reach this endgame with one side having an extra pawn and all pawns
on the same side.}) 34. Rxb6 Nxb6 35. Rxd8+ Ke7 36. Rd4 a5 $1 {Svidler,
instead of winning a pawn, wanted to reach this endgame, which shows his
excellent feel for the game. He thought that here with his pieces co-ordinated,
he had much better chances of converting the position.} 37. Nc4 $1 {This move
was not really given importance by Peter. If Black could have played his rook
to c7 before Nc4 then he would have great winning chances. But here after Nc4
we will end in a position with 4 vs 3 on the same side.} Nd5 (37... Nxa4 38.
Ne5 Kf6 39. Nd7+ Kg5 40. h4+ Kh6 41. Rxa4 Rxd7 42. Rxa5 $11) 38. Rd3 Rc7 39.
Nxa5 Nxc3 40. Kg2 (40. Rd4 Ne2+ $19) 40... Nxa4 41. Ra3 Nc3 42. Nb3 g5 {
Black has an extra pawn and more space on the kingside. With just the rooks it
would have been drawn, but with the knights things look pretty good for Black.
In any case Nakamura has a very tough defensive task ahead of him.} 43. Nd2 f5
44. h3 Kf6 45. g4 $5 {As always it is a decision of whether to do something in
the position or just sit tight. Nakamura felt that he had to do something
against the slow advance of Black's forces and hence goes for this move. It
might well be that the position is lost after this but at least White also has
some targets to attack.} Nd5 46. gxf5 Kxf5 47. Nf1 $1 {Nakamura sees that e3
will be the best spot for his knight.} Nf4+ 48. Kg3 Rc1 (48... h4+ 49. Kh2 (49.
Kf3 Nxh3) 49... Rd7 50. Ne3+ Kf6 51. Ng4+ Kg7 52. Ra5 Rd5 53. Ra7+ Kg6 54. Ra3
Rd2 55. Ra6 {It is not so easy to make progress once you give up the g4-square
to the white knight.}) 49. Ne3+ Kg6 50. Kh2 Rb1 51. Ng2 Rb2 (51... Ne2 {
keeping the knights would have increased Svidler's chances of success:} 52. Re3
Nd4 53. Re4 Rb4 $17) 52. Nxf4+ gxf4 {This endgame looks much more drawish than
with the knights on the board. Let's look and see if that is the case.} 53. Kg1
(53. Kg2 {looked as if it was not accurate because White would like to meet e5
with f3. But maybe that is not very important as after} e5 (53... Kf5 54. Ra8
e5 55. Rh8 Kg5 56. Rg8+ Kh4 57. Re8 Re2 58. Rf8 $11) 54. Ra6+ Kf5 55. Rh6 $1
Kg5 56. Re6 $11 {and it is very difficult to make progress.}) 53... e5 54. Ra5
(54. f3 h4 {Nakamura and Svidler thought this was a winning position for Black,
but it turns out that this will also be a draw.} 55. Ra5 Kf5 56. Ra6 $1 {
Cutting the king off from e6 and preventing its entry.} (56. Rc5 Ke6 57. Rc6+
Kd5 58. Rh6 Kd4 59. Rh5 e4 60. fxe4 Ke3 $19)) 54... Re2 55. h4 f3 56. Kh2 $1
Rxf2+ 57. Kg3 Re2 58. Kxf3 {With excellent play Nakamura finally could heave a
sigh of relief. He had successfully made it to a draw.} Re1 59. Ra8 Rh1 60. Ke4
Rxh4+ 61. Kxe5 Rb4 62. Rg8+ Kh7 63. Rg1 Kh6 64. Kf5 {A great game by Svidler
who had Nakamura under pressure throughout the game.} 1/2-1/2

[Event "Candidates Tournament"]
[Site "Moscow"]
[Date "2016.03.11"]
[Round "1"]
[White "Karjakin, Sergey"]
[Black "Svidler, Peter"]
[Result "1/2-1/2"]
[WhiteElo "2760"]
[BlackElo "2757"]
[Annotator "Sagar Shah"]
[PlyCount "60"]
[EventDate "2016.03.11"]
[EventType "tourn"]
[EventRounds "14"]
[EventCountry "RUS"]
[EventCategory "22"]
[SourceTitle "CBM 172"]
[Source "ChessBase"]
[SourceDate "2016.05.12"]
[SourceVersion "1"]
[SourceVersionDate "2016.05.12"]
[SourceQuality "1"]

1. Nf3 {Sergey usually begins with 1.e4 but every now and then you see him
opening with his king's knight. So it didn't come as such a huge surprise for
Svidler.} d5 2. d4 Nf6 3. c4 c6 {Svidler is known all over the chess world for
his Grünfeld. But there was a brief period betwee 2007 to 2009 where he played
the Slav Defence. In the Candidates 2016 this became the main weapon of Peter
who had excellent results with it. Draws against Karjakin and Nakamura and a
win against Aronian.} 4. Nc3 dxc4 5. a4 e6 $5 {This is considered a tad
passive as Black transposes the game into Queen Gambit Accepted territory.
Especially because the move c5 will come with a loss of of tempo (c7-c6-c5).
But Black would like to say that the way White has made use of his extra tempo
is not particularly the best by playing a2-a4.} (5... Bf5 {is certainly the
main line when the theory runs into pages.}) 6. e3 (6. e4 Bb4 7. e5 Nd5 8. Bd2
b5 9. axb5 Bxc3 10. bxc3 cxb5 11. Ng5 {is the sharp tactical line which
Svidler looked at great depth before the game.}) 6... c5 7. Bxc4 Nc6 8. O-O
cxd4 9. Nxd4 $5 {As Svidler said after the round, "Sergey is used to doing
this everytime against me. I prepare all the lines against him and he comes up
with a move that I haven't looked at in the morning prior to the game!"
Although this move might not be as popular as 9.exd4 it is not without venom.
Basically if Black would take on d4 then after exd4 White gets a nice
initiative after exd4 threatening the d5 break. On the other hand, if you
don't take on d4 then you are not able to fully unwind.} (9. exd4 {is the main
line.}) 9... Bd7 {Peter made this move quickly. Even though he hadn't revised
this line before the game, he remembered that Bd7 was the main move. That was
where his theoretical knowledge ended, but it was important for him to bluff
to his opponent that he was well prepared. You can see how over the board
psychology plays an important role in the games of these top players.} (9...
Nxd4 10. exd4 {If Black was able to get in Bd7-c6 here he would be completely
fine. But that is a long way off and White has shown that he is better in this
line.} Be7 11. d5 $1 exd5 12. Nxd5 Nxd5 13. Bxd5 O-O 14. Be3 $14 {and this
symmetrical structured position is simply torture for Black. There is simply
no easy way to neutralise White's forces.}) 10. Nf3 $5 {A nice piece of
prophylactic thinking. Black wanted to take on d4 and follow it up with Bc6,
so White simply retreats his knight.} a6 {Although this wastes time it secures
the excellent c7-square for the black queen.} 11. e4 (11. b3 Bb4 12. Bb2 O-O {
and Black has no real problems.}) 11... Qc7 {Ng4 followed by Ne5 is one of the
common ideas in this position, so Karjakin prevents it with his next move.} 12.
h3 Bd6 13. Qe2 O-O 14. Bd3 (14. Bg5 {is another option for White but after} Ne5
15. Bxf6 gxf6 16. Bb3 Rfd8 $15 {followed by Rac8, the doubled pawns on the
kingside don't really affect Black whereas the bishop pair might become an
extrmely potent force.}) 14... Ne5 15. Nxe5 Bxe5 {Black's next idea is to put
his bishop on c6. Overall his position is quite harmonious.} 16. f4 Bd4+ (16...
Bxc3 17. bxc3 Qxc3 {is liked by the engines but Svidler didn't even consider
this move for a second. After} 18. Bb2 $44 {White has bucket loads of
compensation for the pawn in the form of an extremely strong dark-squared
bishop.}) 17. Be3 (17. Kh1 e5 $11) 17... Bxe3+ 18. Qxe3 {This might be a good
positional exercise for anyone who might want to learn about good bishops and
bad bishops and prophylactic thinking. Currently the bishop on d3 is not so
great. It is desperate for the e-pawn to move ahead and open up the b1-h7
diagonal. However, Svidler willhave none of that. He just shuts off everything
with this next fine move.} e5 $1 (18... Bc6 {is not bad but it is not in the
spirit of the position.} 19. e5 Nd5 20. Nxd5 Bxd5 $11 {Black is not worse but
White is also doing fine.}) 19. Rac1 (19. fxe5 Qxe5 $15 {The e-pawn is
isolated and the bishop is coming next to c6, this is quite a depressing and
one-sided position in Black's favour.}) (19. f5 Bc6 20. b4 Rfd8 21. b5 Bxb5 $1
22. Nxb5 axb5 23. Bxb5 Rd4 $17) 19... exf4 20. Qxf4 Qxf4 {Although Black had
an option to stay in the middlegame with Qc5+, once Svidler saw that he could
transpose the game into a slightly favourable endgame he didn't hesitate.} (
20... Qc5+ {was an option, but once Svidler saw that he could go into a
slightly better endgame with nothing to worry about, he immediately exchanged
the queens.}) 21. Rxf4 Be6 22. Kf2 {This thematic move, which could have been
a text-book example of activating your king in the late middlegame/ early
endgame, is double edged. The king can be well placed on e3 or it may become a
target for some small tactical tricks.} Rac8 23. Ke3 Nd7 {Svidler's play is
natural and there might not be such a great point in going into the details of
whether Rfd8 was more accurate before Nd7 or Rfe8 before the knight move. As
things stand Black has the slightly better game but Sergey has things under
control.} (23... Rfd8 24. Ne2 $1 {exchanging a pair of rooks eases White's
defensive task.}) (23... Rfe8 {tries to take advantage of the white king.} 24.
Be2 Nd7 25. Rd1 Ne5 26. Rff1 Rc6 $15 {And Black definitely has pressure.}) 24.
Rff1 Rfe8 25. Be2 Nb6 $6 {This idea of Nc4+ exchanges a pair of minor pieces
and reduces White's difficulties.} (25... Rc6 {Followed by doubling of the
rooks on the c-file, and ...Nc5, puts more pressure on White.} 26. Rfd1 Nc5 27.
Bf3 Nb3 28. Rc2 Na5 $36) 26. Rcd1 Nc4+ 27. Bxc4 Rxc4 28. Rf2 $11 {Now it is
just equal.} Kf8 29. Rd4 Rxd4 30. Kxd4 Rc8 {After a subsequent Nd5 the
position will peter out and the players agreed to a draw. It can be said that
the game was a success for Svidler as with the black pieces he was able to put
substantial pressure on his compatriot.} 1/2-1/2